000 01023cam a2200337 4500
001 19943
003 SK-KTurca
005 20251217161533.0
008 200302s2020 xr er 010 f slo
015 _aSNBZSA2022/10
020 _a9788020618528
_q(viazané)
040 _aPPPK
_bslo
_cPPPK
_dSNK‬
_erda
041 0 _aslo
044 _axr
_cCZ
072 7 _a821.162.4-3
_xSlovenská próza
_2konspekt
080 _a821.162.4-31
_22011
080 _a82-311.4
_22011
100 1 _aBenková, Jana,
_d1970-
_4aut
245 1 0 _aVolavka
_cJana Benková
264 1 _aPraha
_bNaše vojsko
_c2020
300 _a263 strán
_c19 cm
336 _atext
_btxt
_2rdacontent
337 _abez média
_bn
_2rdamedia
338 _azväzok
_bnc
_2rdacarrier
500 _aObsahuje biografické údaje o autorke na záložke prebalu publikácie
655 7 _aslovenské romány
_2SNKPH
655 7 _aSlovak fiction
_2SNKPHeng
655 7 _aspoločenské romány
_2SNKPH
655 7 _aSociety novels
_2SNKPHeng
942 _2ddc
_cKLDO
_n0
999 _c19943
_d19943